000 00507cam a2200205ua 4500
001 9216
005 20260515114436.0
008 150224n ii |||gr||||Z||||||asm
040 _cMAIN
041 _aasm
082 _a891.4511
100 _aSaikia, P.,
_eAuthor.
245 _aEi je kabitarborr nadir dare
_cBy Prasanta Saikia
250 _a1st.
260 _aDibrugarh:
_bZila,
_c2014.
300 _a64p.
653 _aEast Indo-European & Celtic literatures
653 _aAssamese poems
942 _cBK
999 _c8278
_d8278